Alle Elemente mit T - Statistiken

Allgemein
  • Dieses Quiz wurde 84 mal gespielt
  • Das Durchschnittsergebnis liegt bei 5 aus 9
Antwortstatistiken
Hint Antwort % Korrekt
9 Titan
95%
3 Tellur
62%
6 Thallium
59%
7 Thorium
55%
1 Tantal
50%
2 Technetium
42%
8 Thulium
42%
5 Terbium
39%
4 Tennessin
21%
Keine übereinstimmenden Quizze gefunden
Verteilung der Resultate
Anzahl Personen mit jedem Resultat
Perzentil nach korrekt beantworteten Fragen
Ihre Resultats-Entwicklung
Sie haben dieses Quiz noch nicht gespielt